| 000 | 00377cam a22001337a 4500 | ||
|---|---|---|---|
| 008 | 180718b1963 xxu||||| |||| 00| 0 eng d | ||
| 082 | _aT471 M551 | ||
| 100 | _aMerrett, A.J. | ||
| 245 |
_aThe finance and analysis of capital projects _cby A.J. Merrett and Allen. Sykes |
||
| 260 |
_aLondon _bLongmans _c1963 |
||
| 300 | _a544p. | ||
| 650 | _aInvestment | ||
| 700 | _aSykes, Allen | ||
| 999 |
_c373868 _d373868 |
||